00282nam a2200097Ia 4500008004100000020001500041100002000056245004900076260004500125300001400170180205s9999 xx 000 0 und d a9716420196 aZaide, Sonia M. aStudent workbook :bhistory of asian nations aQuezon CitybAll nation publishingc1994 a128 pages